[Event "RUS-ch Men Blitz 2019"]
[Site "Sochi"]
[Date "2019.10.17"]
[Round "3.18"]
[White "Remizov, Yaroslav"]
[Black "Drygalov, Andrey"]
[Result "0-1"]
[WhiteElo "2394"]
[BlackElo "2484"]
[Annotator "ChessBase"]
[PlyCount "100"]
[EventDate "2019.10.17"]
[EventType "swiss"]
[EventCountry "RUS"]
[SourceTitle "playchess.com"]
[Source "ChessBase"]
[SourceQuality "1"]
[TimeControl "180+2"]

1. e4 {[%emt 0:00:00]} c5 {[%emt 0:00:00]} 2. Nf3 {[%emt 0:00:00]} e6 {[%emt 0:00:00]} 3. d4 cxd4 {[%emt 0:00:00]} 4. Nxd4 {[%emt 0:00:02]} a6 {[%emt 0:00:01]} 5. c4 {[%emt 0:00:01]} Nf6 {[%emt 0:00:01]} 6. Nc3 {[%emt 0:00:01]} Qc7 {[%emt 0:00:01]} 7. Be2 {[%emt 0:00:01]} Bb4 {[%emt 0:00:02]} 8. O-O {[%emt 0:00:13]} O-O {[%emt 0:00:09]} 9. Bg5 {[%emt 0:00:15]} Bxc3 {[%emt 0:00:05]} 10. Bxf6 {[%emt 0:00:02]} Bb4 {[%emt 0:00:45]} 11. Bh4 {[%emt 0:00:50]} Nc6 {[%emt 0:00:02]} 12. Bg3 {[%emt 0:00:06]} e5 {[%emt 0:00:16]} 13. Nc2 {[%emt 0:01:00]} Bc5 {[%emt 0:00:06]} 14. Kh1 {[%emt 0:00:00]} d6 {[%emt 0:00:14]} 15. f4 {[%emt 0:00:01]} exf4 {[%emt 0:00:44]} 16. Bxf4 {[%emt 0:00:01]} Be6 {[%emt 0:00:01]} 17. Qd2 {[%emt 0:00:08]} Ne5 {[%emt 0:00:06]} 18. b4 {[%emt 0:00:27]} Ba7 {[%emt 0:00:07]} 19. Bxe5 {[%emt 0:00:11]} dxe5 {[%emt 0:00:02]} 20. c5 {[%emt 0:00:01]} a5 {[%emt 0:00:20]} 21. a3 {[%emt 0:00:07]} b6 {[%emt 0:00:01]} 22. cxb6 {[%emt 0:00:04]} Bxb6 {[%emt 0:00:01]} 23. bxa5 {[%emt 0:00:02]} Bxa5 {[%emt 0:00:13]} 24. Nb4 {[%emt 0:00:01]} Rfd8 {[%emt 0:00:07]} 25. Qg5 {[%emt 0:00:05]} h6 {[%emt 0:00:13]} 26. Qg3 {[%emt 0:00:02]} Bxb4 {[%emt 0:00:06]} 27. axb4 {[%emt 0:00:00]} Rxa1 {[%emt 0:00:02]} 28. Rxa1 {[%emt 0:00:03]} Qc2 {[%emt 0:00:00]} 29. Qe1 {[%emt 0:00:10]} Qxe4 {[%emt 0:00:03]} 30. b5 {[%emt 0:00:01]} Bd5 {[%emt 0:00:04]} 31. Bf3 {[%emt 0:00:02]} Qxe1+ 32. Rxe1 {[%emt 0:00:00]} e4 {[%emt 0:00:06]} 33. Be2 {[%emt 0:00:02]} Rb8 {[%emt 0:00:02]} 34. Rd1 {[%emt 0:00:02]} Be6 {[%emt 0:00:01]} 35. h3 {[%emt 0:00:03]} Kf8 {[%emt 0:00:00]} 36. Kh2 {[%emt 0:00:00]} Ke7 {[%emt 0:00:01]} 37. Kg3 {[%emt 0:00:01]} g5 {[%emt 0:00:00]} 38. h4 f5 39. hxg5 {[%emt 0:00:04]} hxg5 {[%emt 0:00:01]} 40. Kf2 {[%emt 0:00:04]} f4 {[%emt 0:00:04]} 41. Rh1 {[%emt 0:00:03]} g4 {[%emt 0:00:08]} 42. Rh7+ {[%emt 0:00:04]} Kd6 {[%emt 0:00:01]} 43. Rh6 {[%emt 0:00:01]} Ke5 {[%emt 0:00:01]} 44. Rh5+ {[%emt 0:00:01]} Kd4 {[%emt 0:00:01]} 45. Rh6 {[%emt 0:00:04]} g3+ {[%emt 0:00:00]} 46. Ke1 {[%emt 0:00:01]} Bd5 {[%emt 0:00:04]} 47. b6 {[%emt 0:00:03]} f3 {[%emt 0:00:02]} 48. gxf3 {[%emt 0:00:01]} exf3 {[%emt 0:00:00]} 49. Ba6 {[%emt 0:00:04]} Ke3 {[%emt 0:00:03]} 50. Kf1 {[%emt 0:00:02]} g2+ {[%emt 0:00:02]} 0-1

[Event "RUS-ch Men Blitz 2019"]
[Site "Sochi"]
[Date "2019.10.17"]
[Round "3.19"]
[White "Sysolyatin, Evgeny"]
[Black "Lugovskoy, Maxim"]
[Result "1-0"]
[WhiteElo "2271"]
[BlackElo "2436"]
[Annotator "NA"]
[PlyCount "73"]
[EventDate "2019.10.17"]
[EventType "swiss"]
[EventCountry "RUS"]
[SourceTitle "playchess.com"]
[Source "ChessBase"]
[SourceQuality "1"]
[TimeControl "180+2"]

1. e4 {[%emt 0:00:00]} e6 {[%emt 0:00:00]} 2. d4 {[%emt 0:00:02]} d5 {[%emt 0:00:01]} 3. Nc3 {[%emt 0:00:02]} Bb4 {[%emt 0:00:01]} 4. Bb5+ {[%emt 0:00:02]} Bd7 {[%emt 0:00:05]} 5. Bd3 {[%emt 0:00:08]} dxe4 {[%emt 0:00:05]} 6. Bxe4 {[%emt 0:00:01]} Bc6 {[%emt 0:00:01]} 7. Bxc6+ {[%emt 0:00:13]} Nxc6 {[%emt 0:00:01]} 8. Nf3 {[%emt 0:00:02]} Nf6 {[%emt 0:00:01]} 9. O-O {[%emt 0:00:02]} Bxc3 {[%emt 0:00:01]} 10. bxc3 {[%emt 0:00:01]} Qd5 {[%emt 0:00:01]} 11. Qe2 {[%emt 0:00:10]} h6 {[%emt 0:00:05]} 12. Bf4 {[%emt 0:00:19]} Rc8 {[%emt 0:00:01]} 13. Rfd1 {[%emt 0:00:16]} O-O {[%emt 0:00:02]} 14. c4 {[%emt 0:00:04]} Qf5 {[%emt 0:00:00]} 15. Be3 {[%emt 0:00:09]} Rfd8 {[%emt 0:00:03]} 16. h3 {[%emt 0:00:10]} Qe4 {[%emt 0:00:04]} 17. Qd3 {[%emt 0:00:08]} Nb4 {[%emt 0:00:03]} 18. Qxe4 {[%emt 0:00:17]} Nxe4 {[%emt 0:00:01]} 19. Rac1 {[%emt 0:00:31]} Nc3 {[%emt 0:00:11]} 20. Rd2 {[%emt 0:00:02]} Nbxa2 {[%emt 0:00:17]} 21. Ra1 {[%emt 0:00:02]} c5 {[%emt 0:00:13]} 22. dxc5 {[%emt 0:00:05]} a5 {[%emt 0:00:07]} 23. Bd4 {[%emt 0:00:12]} a4 {[%emt 0:00:01]} 24. Kf1 {[%emt 0:00:06]} f6 {[%emt 0:00:05]} 25. Rd3 {[%emt 0:00:02]} e5 {[%emt 0:00:23]} 26. Bxc3 {[%emt 0:00:02]} Rxd3 {[%emt 0:00:04]} 27. cxd3 {[%emt 0:00:02]} Nxc3 {[%emt 0:00:01]} 28. Ra3 {[%emt 0:00:03]} b5 {[%emt 0:00:23]} 29. cxb6 {[%emt 0:00:08]} e4 {[%emt 0:00:02]} 30. Rxc3 {[%emt 0:00:05]} exf3 {[%emt 0:00:00]} 31. c5 {[%emt 0:00:02]} fxg2+ {[%emt 0:00:01]} 32. Kxg2 {[%emt 0:00:01]} Kf7 {[%emt 0:00:09]} 33. b7 {[%emt 0:00:01]} Rb8 {[%emt 0:00:02]} 34. c6 {[%emt 0:00:00]} a3 {[%emt 0:00:01]} 35. c7 {[%emt 0:00:03]} a2 {[%emt 0:00:00]} 36. Ra3 {[%emt 0:00:00]} Rxb7 {[%emt 0:00:04]} 37. c8=Q {[%emt 0:00:01]} 1-0

[Event "RUS-ch Men Blitz 2019"]
[Site "Sochi"]
[Date "2019.10.17"]
[Round "3.20"]
[White "Papin, Vasily"]
[Black "Goltsev, Dmitry"]
[Result "1-0"]
[WhiteElo "2481"]
[BlackElo "2309"]
[Annotator "ChessBase"]
[PlyCount "73"]
[EventDate "2019.10.17"]
[EventType "swiss"]
[EventCountry "RUS"]
[SourceTitle "playchess.com"]
[Source "ChessBase"]
[SourceQuality "1"]
[TimeControl "180+2"]

1. c4 {[%emt 0:00:00]} Nf6 {[%emt 0:00:00]} 2. Nc3 {[%emt 0:00:00]} e5 {[%emt 0:00:00]} 3. Nf3 {[%emt 0:00:08]} d6 {[%emt 0:00:02]} 4. d4 {[%emt 0:00:02]} Nbd7 {[%emt 0:00:02]} 5. g3 {[%emt 0:00:01]} g6 {[%emt 0:00:02]} 6. Bg2 {[%emt 0:00:01]} Bg7 {[%emt 0:00:01]} 7. O-O {[%emt 0:00:02]} O-O {[%emt 0:00:01]} 8. h3 {[%emt 0:00:01]} Qe7 {[%emt 0:00:05]} 9. e4 {[%emt 0:00:06]} h6 {[%emt 0:00:15]} 10. Re1 {[%emt 0:00:01]} c6 {[%emt 0:00:15]} 11. Be3 {[%emt 0:00:09]} Ne8 {[%emt 0:00:04]} 12. Qd2 {[%emt 0:00:34]} Kh7 {[%emt 0:00:05]} 13. Rad1 {[%emt 0:00:01]} Nc7 {[%emt 0:00:16]} 14. b3 {[%emt 0:00:49]} f5 {[%emt 0:00:37]} 15. exf5 {[%emt 0:00:01]} gxf5 {[%emt 0:00:01]} 16. dxe5 {[%emt 0:00:01]} dxe5 {[%emt 0:00:13]} 17. Nh4 {[%emt 0:00:01]} Nf6 {[%emt 0:00:07]} 18. Na4 {[%emt 0:00:05]} Qf7 {[%emt 0:00:26]} 19. Bc5 {[%emt 0:00:03]} Re8 {[%emt 0:00:02]} 20. Bd6 {[%emt 0:00:28]} e4 {[%emt 0:00:06]} 21. Nc3 {[%emt 0:00:40]} b5 {[%emt 0:00:23]} 22. cxb5 {[%emt 0:00:04]} Nxb5 {[%emt 0:00:02]} 23. Nxb5 {[%emt 0:00:05]} cxb5 {[%emt 0:00:01]} 24. Qa5 {[%emt 0:00:04]} a6 {[%emt 0:00:09]} 25. Rc1 {[%emt 0:00:06]} Ra7 {[%emt 0:00:04]} 26. a4 {[%emt 0:00:05]} bxa4 {[%emt 0:00:05]} 27. bxa4 {[%emt 0:00:01]} Be6 {[%emt 0:00:04]} 28. Nxf5 {[%emt 0:00:01]} Qd7 {[%emt 0:00:07]} 29. Nxg7 {[%emt 0:00:02]} Qxd6 {[%emt 0:00:07]} 30. Nxe8 {[%emt 0:00:01]} Nxe8 {[%emt 0:00:01]} 31. Rxe4 {[%emt 0:00:03]} Ng7 {[%emt 0:00:02]} 32. Rce1 {[%emt 0:00:03]} Bf5 {[%emt 0:00:02]} 33. Re5 {[%emt 0:00:01]} Bg6 {[%emt 0:00:03]} 34. Qc5 {[%emt 0:00:01]} Qb8 {[%emt 0:00:06]} 35. Re7 {[%emt 0:00:03]} Rxe7 {[%emt 0:00:02]} 36. Rxe7 {[%emt 0:00:01]} Qb2 {[%emt 0:00:04]} 37. Qe5 {[%emt 0:00:03]} 1-0

[Event "RUS-ch Men Blitz 2019"]
[Site "Sochi"]
[Date "2019.10.17"]
[Round "3.21"]
[White "Yeritsyan, Aram"]
[Black "Gutenev, Alexander"]
[Result "0-1"]
[WhiteElo "2271"]
[BlackElo "2469"]
[Annotator "TA"]
[PlyCount "88"]
[EventDate "2019.10.17"]
[EventType "swiss"]
[EventCountry "RUS"]
[SourceTitle "playchess.com"]
[Source "ChessBase"]
[SourceQuality "1"]

{[%evp 10,88,17,0,14,10,24,10,20,0,0,0,0,0,10,3,1,-12,-16,-29,-22,-29,-23,-37,-35,-59,-54,-71,-71,-72,-65,-81,-72,-83,-66,-58,-30,-57,-18,-82,-85,-75,-45,-39,-59,-62,-34,-30,-38,-37,0,-131,-136,-149,-46,-44,-46,-43,-40,-93,-89,-122,-131,-120,0,-12,-9,-1341,-1282,-1294,-1291,-1164,-828,-1324,-1388,-1406,-1417,-1625,-1455,-937,-179]} 1. e4 c5 2. Nf3 Nc6 3. Nc3 d6 4. Bb5 e5 5. d3 Nf6 6. h3 h6 {B30: Sicilian: 2...Nc6 3 Bb5, lines without ...g6} (6... Be7 7. O-O O-O 8. Bc4 Be6 9. Bg5 Nd7 10. Bxe7 Qxe7 11. Nd5 Bxd5 12. Bxd5 Nb6 13. c3 Nxd5 14. exd5 {1-0 (47) Jensson,E (2349)-Shirov,A (2701) Bilbao 2014}) 7. a3 Be7 $146 ({Predecessor:} 7... Be6 8. Bc4 d5 9. exd5 Nxd5 10. Bb5 Nxc3 11. bxc3 Bd6 12. Bxc6+ bxc6 13. O-O {1-0 (40) Emiroglu,C (2253)-Nassr,A (2026) Ankara 2012}) 8. O-O O-O {The position is equal.} 9. Rb1 a6 10. Bc4 b5 11. Ba2 Be6 12. Nd5 Rc8 13. Re1 Nd4 14. c3 Nxf3+ 15. Qxf3 Bxd5 16. exd5 Nd7 17. Bd2 Bg5 18. Rbd1 f5 19. Bb1 Bxd2 20. Rxd2 Qg5 21. Rde2 Rf6 22. Qe3 Qh4 23. Kh2 Rcf8 24. g3 (24. d4 $11 {remains equal.}) 24... Qh5 $17 {aiming for ...f4.} 25. f4 g5 26. Bc2 Kh8 27. Bd1 Qg6 28. Rg2 Rg8 29. Bf3 Rf7 30. fxg5 (30. fxe5 $11 Nxe5 31. d4 cxd4 32. cxd4 Nxf3+ 33. Qxf3) 30... hxg5 31. g4 Nf6 (31... f4 $17 32. Qe2 Rh7) 32. gxf5 $15 Qxf5 33. Be4 Qf4+ 34. Qxf4 (34. Kg1 $1 $15) 34... gxf4 $17 35. Bf3 Rfg7 36. Reg1 {[#]} c4 (36... Rxg2+ $1 $17 37. Rxg2 Rxg2+ 38. Kxg2 Kg7) 37. dxc4 bxc4 38. Be2 $2 {[%mdl 8192]} (38. Rxg7 $11 Rxg7 39. Rxg7 Kxg7 40. Be2) 38... Rxg2+ $19 {Black is clearly winning.} 39. Rxg2 Rxg2+ 40. Kxg2 Nxd5 {KB-KN} 41. Kf3 Ne3 42. Ke4 Kg7 43. h4 Kf6 44. a4 d5+ $2 {Accuracy: White = 31%, Black = 48%.} (44... a5 45. Kf3 d5) 0-1

[Event "RUS-ch Men Blitz 2019"]
[Site "Sochi"]
[Date "2019.10.17"]
[Round "3.22"]
[White "Klimentov, Evgeny"]
[Black "Vastrukhin, Oleg"]
[Result "0-1"]
[WhiteElo "2199"]
[BlackElo "2428"]
[Annotator "NA"]
[PlyCount "86"]
[EventDate "2019.10.17"]
[EventType "swiss"]
[EventCountry "RUS"]
[SourceTitle "playchess.com"]
[Source "ChessBase"]
[SourceQuality "1"]
[TimeControl "180+2"]

1. e4 {[%emt 0:00:00]} e6 {[%emt 0:00:00]} 2. d4 {[%emt 0:00:00]} d5 {[%emt 0:00:00]} 3. Nd2 {[%emt 0:00:00]} a6 {[%emt 0:00:00]} 4. Ngf3 {[%emt 0:00:02]} Bd7 {[%emt 0:00:00]} 5. exd5 {[%emt 0:00:04]} exd5 {[%emt 0:00:02]} 6. Bd3 {[%emt 0:00:01]} Bd6 {[%emt 0:00:06]} 7. O-O {[%emt 0:00:03]} Ne7 {[%emt 0:00:02]} 8. Re1 {[%emt 0:00:09]} O-O {[%emt 0:00:07]} 9. Nf1 {[%emt 0:00:01]} Bf5 {[%emt 0:00:06]} 10. Bg5 {[%emt 0:00:05]} f6 {[%emt 0:00:04]} 11. Bh4 {[%emt 0:00:03]} Nbc6 {[%emt 0:00:13]} 12. Bg3 {[%emt 0:00:06]} Re8 {[%emt 0:00:05]} 13. c3 {[%emt 0:00:05]} Qd7 {[%emt 0:00:05]} 14. Bxd6 {[%emt 0:00:02]} Qxd6 {[%emt 0:00:01]} 15. Bxf5 {[%emt 0:00:04]} Nxf5 {[%emt 0:00:01]} 16. Ng3 {[%emt 0:00:02]} Nce7 {[%emt 0:00:11]} 17. Nxf5 {[%emt 0:00:07]} Nxf5 {[%emt 0:00:01]} 18. Qd3 {[%emt 0:00:01]} Qd7 {[%emt 0:00:03]} 19. Rxe8+ {[%emt 0:00:02]} Rxe8 {[%emt 0:00:00]} 20. Re1 {[%emt 0:00:04]} Nd6 {[%emt 0:00:01]} 21. Rxe8+ {[%emt 0:00:04]} Qxe8 {[%emt 0:00:01]} 22. Kf1 {[%emt 0:00:05]} Nc4 {[%emt 0:00:18]} 23. b3 {[%emt 0:00:12]} Nd6 {[%emt 0:00:01]} 24. h3 {[%emt 0:00:25]} Qe4 {[%emt 0:00:02]} 25. Ne1 {[%emt 0:00:29]} Kf7 {[%emt 0:00:14]} 26. Qd2 {[%emt 0:00:40]} a5 {[%emt 0:00:11]} 27. Nd3 {[%emt 0:00:06]} b6 {[%emt 0:00:02]} 28. a4 {[%emt 0:00:05]} c6 {[%emt 0:00:15]} 29. f3 {[%emt 0:00:01]} Qf5 {[%emt 0:00:05]} 30. Qe3 {[%emt 0:00:05]} Qe6 {[%emt 0:00:05]} 31. Qxe6+ {[%emt 0:00:03]} Kxe6 {[%emt 0:00:01]} 32. Ke2 {[%emt 0:00:07]} g5 {[%emt 0:00:01]} 33. g4 {[%emt 0:00:07]} Ne8 {[%emt 0:00:18]} 34. f4 {[%emt 0:00:08]} h6 {[%emt 0:00:06]} 35. Ke3 {[%emt 0:00:10]} Nd6 {[%emt 0:00:02]} 36. f5+ {[%emt 0:00:07]} Kd7 {[%emt 0:00:01]} 37. Nf2 {[%emt 0:00:02]} c5 {[%emt 0:00:05]} 38. dxc5 {[%emt 0:00:06]} bxc5 {[%emt 0:00:01]} 39. Kd3 {[%emt 0:00:08]} Kc6 {[%emt 0:00:05]} 40. c4 {[%emt 0:00:01]} d4 {[%emt 0:00:53]} 41. Ne4 {[%emt 0:00:04]} Nxe4 {[%emt 0:00:03]} 42. Kxe4 {[%emt 0:00:01]} Kd6 {[%emt 0:00:00]} 43. Kd3 {[%emt 0:00:09]} Ke5 {[%emt 0:00:02]} 0-1

[Event "RUS-ch Men Blitz 2019"]
[Site "Sochi"]
[Date "2019.10.17"]
[Round "3.23"]
[White "Oganian, Miran"]
[Black "Magomedov, Murad"]
[Result "1-0"]
[WhiteElo "2436"]
[BlackElo "2280"]
[Annotator "TA"]
[PlyCount "27"]
[EventDate "2019.10.17"]
[EventType "swiss"]
[EventCountry "RUS"]
[SourceTitle "playchess.com"]
[Source "ChessBase"]
[SourceQuality "1"]

{[%evp 18,87,5,12,11,0,32,22,52,33,95,-57,68,66,96,42,42,-4,-8,-75,-28,-60,-40,-25,-30,-166,-147,-142,-93,-89,-85,-104,-83,-178,-184,-194,-77,-89,-71,-75,-20,-36,-25,-26,35,-43,-37,-37,-37,-33,-34,-56,-54,-62,-41,-58,-60,-64,-54,-56,-48,-48,-39,-39,-39,-41,-23,-23,-24,-26,0,0]} 1. d4 d5 2. c4 dxc4 3. Nf3 Nf6 4. Qa4+ Nbd7 5. g3 e6 6. Bg2 c5 7. O-O cxd4 8. Nxd4 Bc5 9. Nf3 O-O 10. Qxc4 a6 {E02: Open Catalan: 5 Qa4+} 11. Qc2 Qe7 12. Nc3 e5 $146 ({Predecessor:} 12... h6 13. a3 Rb8 14. b4 Bd6 15. Bb2 Nb6 16. Ne4 Nxe4 17. Qxe4 Na4 18. Bd4 b5 {1-0 (38) Yevseev,D (2540)-Nikolaev,V (2215) St Petersburg 2002}) 13. Bg5 e4 (13... Qe6 $14) 14. Nh4 {Played: Nc3-d5} 1-0

[Event "RUS-ch Men Blitz 2019"]
[Site "Sochi"]
[Date "2019.10.17"]
[Round "3.24"]
[White "Zakhartsov, Vladimir"]
[Black "Gubsky, Egor"]
[Result "1-0"]
[WhiteElo "2514"]
[BlackElo "2339"]
[Annotator "TA"]
[PlyCount "45"]
[EventDate "2019.10.17"]
[EventType "swiss"]
[EventCountry "RUS"]
[SourceTitle "playchess.com"]
[Source "ChessBase"]
[SourceQuality "1"]

{[%evp 9,131,0,0,0,0,0,-6,-33,0,-14,1,-16,30,-68,-49,-86,-79,-66,-39,-46,-40,-75,-18,-82,-50,-72,-58,-78,-26,-75,-41,-38,-39,-23,0,0,77,71,66,66,63,46,50,44,61,44,66,48,84,55,114,106,137,137,141,0,0,0,0,0,175,175,186,76,474,86,1044,1005,1005,0,490,0,940,403,368,15,15,15,16,0,0,6,18,0,0,0,0,0,0,0,0,-8,428,0,0,0,296,237,235,0,116,128,29974,29975,29995,0,0,0,29995,0,0,0,29995,0,0,0,0,0,0,0,29995,29996,29996,29997]} 1. e4 c5 2. Nf3 Nc6 3. Bb5 e6 4. Bxc6 bxc6 5. O-O Ne7 6. e5 {B30: Sicilian: 2...Nc6 3 Bb5, lines without ...g6} Ng6 7. d3 f6 8. exf6 {The position is equal.} (8. Qe2 Qc7 9. Re1 fxe5 10. Nxe5 Qxe5 11. Qxe5 Nxe5 12. Rxe5 d6 13. Re2 Be7 14. Nc3 O-O {0-1 (47) Motylev,A (2663)-Malakhov,I (2454) Tallinn 2016}) 8... gxf6 9. Nc3 Be7 10. Re1 Kf7 $146 ({Predecessor:} 10... h5 11. d4 cxd4 12. Nxd4 c5 13. Qd3 Rg8 {0-1 (32) Byron,A (2157)-Hoolt,S (2358) Caleta 2019}) 11. Ne4 (11. Na4 $11) 11... d5 $15 12. Ng3 h5 $1 13. h3 h4 14. Nf1 e5 15. c4 Rg8 (15... dxc4 $17 16. dxc4 Qxd1 17. Rxd1 Be6) 16. Kh1 (16. b3 $11) 16... Be6 17. Qe2 Qd7 18. N1h2 Rg7 ({Black should play} 18... Kg7 $17) 19. b3 Rag8 20. Ng4 Bxg4 21. hxg4 Nf4 22. Bxf4 $1 (22. Qxe5 $2 Bd6 $19) 22... Qxg4 {[#]} (22... exf4 $11 23. g5 Bd6) 23. Bg5 {Played: Nf3-g5} 1-0

[Event "RUS-ch Men Blitz 2019"]
[Site "Sochi"]
[Date "2019.10.17"]
[Round "3.25"]
[White "Ozgibcev, Anatoly"]
[Black "Potapov, Pavel"]
[Result "1/2-1/2"]
[WhiteElo "2367"]
[BlackElo "2489"]
[Annotator "TA"]
[PlyCount "156"]
[EventDate "2019.10.17"]
[EventType "swiss"]
[EventCountry "RUS"]
[SourceTitle "playchess.com"]
[Source "ChessBase"]
[SourceQuality "1"]

{[%evp 20,156,-9,-17,-6,-11,-4,-62,-62,-81,-22,-47,-40,-36,0,-11,22,0,0,-68,0,-39,-4,-27,-27,-14,-8,-191,0,0,0,0,14,14,31,0,0,0,0,0,0,0,0,-25,-2,-2,-2,-2,0,0,0,0,0,0,0,0,0,-200,-136,-340,-318,-282,-196,-256,-269,-186,0,-14,0,-14,0,-23,-21,-21,-24,-336,-286,-355,-47,-61,-8,-8,-8,-150,-163,-195,0,0,0,0,0,-780,0,-4618,0,-2850,0,0,0,0,0,0,0,0,0,0,0,0,0,0,0,0,0,0,0,0,0,-8,0,0,0,0,0,0,0,0,61,0,0,0,0,0,0,0,61,0,0,0,61]} 1. e4 c5 2. c3 Nf6 3. e5 Nd5 4. d4 cxd4 5. Nf3 Nc6 6. Bc4 Nb6 7. Bb3 g6 8. cxd4 Bg7 9. O-O O-O 10. Bf4 d6 11. exd6 Bg4 {B22: Sicilian: 2 c3} 12. dxe7 (12. Nbd2 exd6 13. h3 Bf5 14. Nc4 Nxc4 15. Bxc4 Be4 16. Nd2 d5 17. Nxe4 dxc4 18. Nd6 Qf6 19. Be5 Nxe5 20. dxe5 Qxe5 21. Nxc4 {0-1 (45) Kriebel,T (2514)-Navara,D (2733) Ostrava 2019}) 12... Qxe7 {...Nxd4! is the strong threat.} 13. Re1 (13. Be3 $11) 13... Bxf3 $1 $15 {Black is slightly better.} 14. gxf3 {[#]} Qh4 $146 (14... Qf6 $17 15. Be5 Qg5+ 16. Bg3 Nxd4) ({Predecessor:} 14... Qf6 15. Be3 Rad8 16. Nc3 Nxd4 17. Bxd4 Rxd4 18. Qe2 Qg5+ 19. Kh1 {0-1 (74) Berelowitsch,A (2536)-Gutman,L (2501) Berkel 2003}) 15. Bg3 Qxd4 16. Nc3 Rac8 17. Kg2 h5 18. Qxd4 Nxd4 19. Ne4 (19. Re7 $11) 19... Nf5 (19... Nc2 $15 20. Bxc2 Rxc2) 20. Re2 Nc4 21. Bxc4 Rxc4 22. Rd1 h4 23. Nd6 $2 (23. Bf4 $11) 23... Nxd6 $2 (23... Rd4 $19 24. Rxd4 Nxd4) 24. Bxd6 $11 Rd8 25. Red2 a6 26. b3 Rc6 (26... Rcc8 {looks sharper.} 27. Be7 Rxd2 28. Rxd2 Bh6 29. Rd7 f5) 27. Bf4 Rxd2 28. Rxd2 {[%mdl 4096] Endgame KRB-KRB} Bf6 29. h3 Kg7 30. Re2 b5 31. a4 g5 32. axb5 axb5 33. Be5 Re6 34. Bxf6+ $1 Kxf6 {KR-KR} 35. Rc2 Kf5 36. b4 Re5 37. Rd2 Ke6 38. Kf1 $2 (38. f4 $1 $11 {and White stays safe.} Re4 39. fxg5) 38... f6 39. Rd4 $2 (39. Rd8 $17) 39... Rd5 $19 40. Re4+ Kd6 41. f4 {[#]} (41. Ke2 $142) 41... f5 $1 {[%cal Rf5e4]} 42. Re8 g4 $2 (42... gxf4 $19 {Strongly threatening ...Rd4.} 43. Kg2 Rd4) 43. Rd8+ Ke6 44. Re8+ Kf7 45. Rh8 gxh3 46. Rxh4 Rd4 47. Kg1 $2 {[%mdl 8192]} (47. Rxh3 $11 Rxb4 48. Ke2) 47... Rxb4 48. Kh2 Rb3 $2 (48... Ke6 $19 {Threatens to win with ...Rb3.} 49. Kxh3 Rd4) 49. Rh6 $1 $15 b4 (49... Rc3 $15 50. Rb6 Rc5 51. Kxh3 Ke7) 50. Rb6 $11 Ke7 51. Rb5 Ke6 52. Re5+ Kd6 $2 (52... Kf6 $19 53. Rb5 Kg6 54. Rb6+ Kh5) 53. Rxf5 Kc6 {[#] And now ...Rf3 would win.} 54. Rf8 Rf3 {White must now prevent ...b3.} 55. Rb8 $2 {[%mdl 8192]} (55. Rc8+ $11 Kd5 56. Rd8+ Ke4 57. Rb8) 55... Kc5 $2 (55... Rxf2+ $19 56. Kxh3 Rxf4) 56. f5 $2 {[%mdl 8192]} (56. Rf8 $11) 56... Kc4 $2 ({Black should play} 56... Rxf2+ $19 57. Kxh3 Rxf5) 57. f6 $2 {[%mdl 8192]} (57. Rf8 $11) 57... b3 $2 (57... Rxf2+ $19 58. Kxh3 Rxf6) 58. Rb6 Kc5 59. Rb8 Kc4 60. Rb6 Kc3 61. Rc6+ Kd2 (61... Kd4 {with more complications.} 62. Rb6 Kc4 63. Kg1 Kc5 64. Rb8 Kd6) 62. Rd6+ Kc1 {aiming for ...b2.} 63. Rc6+ Kb1 64. Rb6 b2 {Hoping for ...Kc2.} 65. Rc6 Ka2 66. Ra6+ Kb3 67. Rb6+ Kc2 68. Rc6+ Rc3 69. Rxc3+ Kxc3 {KPP-KPP} 70. f7 b1=Q {( -> ...Qf1)} 71. f8=Q {KQ-KQ} Qf1 {[%csl Gh3][%cal Rf1g2]} 72. Qf3+ Kd4 (72... Kd2 $1 $11) 73. Qe3+ (73. Kg3 $1 $14) 73... Kd5 {[%csl Gh3][%cal Rf1g2]} 74. Qg5+ Ke4 75. Qg4+ Ke5 76. Qg3+ Kd4 (76... Ke4 $11) 77. Qe3+ ({Better is} 77. Qf3 $1 $14) 77... Kd5 {[%csl Gh3][%cal Rf1g2]} 78. Qf3+ Ke5 {Accuracy: White = 44%, Black = 33%.} (78... Kd4 $1 $11) 1/2-1/2

[Event "RUS-ch Men Blitz 2019"]
[Site "Sochi"]
[Date "2019.10.17"]
[Round "3.26"]
[White "Bryakin, Mikhail"]
[Black "Gaydym, Michail"]
[Result "1-0"]
[WhiteElo "2440"]
[BlackElo "2337"]
[Annotator "TA"]
[PlyCount "109"]
[EventDate "2019.10.17"]
[EventType "swiss"]
[EventCountry "RUS"]
[SourceTitle "playchess.com"]
[Source "ChessBase"]
[SourceQuality "1"]

{[%evp 14,109,23,11,28,18,51,39,52,41,41,17,43,41,41,39,42,39,44,24,45,5,9,5,8,7,8,0,0,0,0,0,0,0,16,0,0,0,0,0,13,11,27,16,48,48,50,57,54,50,55,48,48,30,48,0,0,0,0,0,0,0,0,0,0,0,6,0,0,0,40,47,74,13,13,0,281,279,252,279,272,261,280,270,1038,170,433,370,1454,1381,1557,1497,1829,1139,1132,1132,1010,1000]} 1. d4 d5 2. Nf3 e6 3. c4 f5 4. g3 Nf6 5. Bg2 Bd6 6. O-O O-O 7. Qc2 c6 8. b3 Ne4 {A90: Dutch Defence: Miscellaneous and Modern Stonewall (with ...Bd6)} 9. Bb2 Bd7 10. Nbd2 {[%cal Bb1d2,Bd2f3,Bf3e5][%mdl 32]} Be8 {White is slightly better.} 11. Ne5 {[%cal Rd2e4]} Nd7 12. Ndf3 Bh5 13. Nxd7 Qxd7 14. Ne5 Qe7 15. f3 Nf6 16. Rae1 $146 ({Predecessor:} 16. e3) 16... Nd7 17. Nxd7 (17. Nd3 {with more complications.} Bg6 18. e3 Rac8 19. Qe2 b6 20. Nf4) 17... Qxd7 18. e4 fxe4 19. fxe4 Bb4 20. Rxf8+ (20. Rc1 {looks sharper.} Rxf1+ 21. Rxf1 Rf8 22. Rf2 Rxf2 23. Qxf2 Bg6 24. Qe2) 20... Rxf8 21. Rf1 Rxf1+ 22. Kxf1 Bg6 23. Qe2 Bf7 24. c5 Ba5 25. a3 Bd8 26. b4 Bf6 27. e5 Bg5 28. h4 Bh6 29. g4 {Strongly threatening g5.} Bf4 30. Qf2 g5 31. h5 h6 32. Bf3 Kh8 33. Qc2 Qe8 34. Kg2 Bg8 35. a4 Bh7 36. Qe2 a6 37. Bc3 Qf7 38. b5 axb5 39. axb5 Bb1 40. bxc6 bxc6 41. Qa6 Qd7 42. Qa8+ Kg7 43. Qb8 (43. Ba5 $1 $16 {[%cal Ra5d8]} Be3 44. Bd8) 43... Be4 $1 $11 44. Qb6 Bxf3+ $2 {[%mdl 8192]} (44... Qf7 $11 45. Bxe4 dxe4 46. Qxc6 Bd2 47. Bxd2 Qf3+ {[%mdl 64] Double Attack} 48. Kh2 (48. Kg1 Qd1+ 49. Kh2 Qe2+ 50. Kh3 Qf3+ 51. Kh2 Qf2+ 52. Kh3 Qf3+ 53. Kh2 Qf2+ 54. Kh3 Qf3+ $11) 48... Qf2+ 49. Kh3 (49. Kh1 Qf3+ 50. Kh2 Qf2+ 51. Kh3 Qf3+ 52. Kh2 $11) 49... Qf3+ 50. Kh2 Qf2+ 51. Kh3 (51. Kh1 Qf3+ 52. Kg1 Qd1+ 53. Kh2 Qe2+ 54. Kh3 Qf3+ 55. Kh2 $11) 51... Qf3+ 52. Kh2) 45. Kxf3 $18 Bc1 {[#]} 46. Ke2 $1 Bf4 47. Kd3 Kf8 {( -> ...Qh7+)} 48. Qb8+ Kg7 $2 {[#]} (48... Qe8 49. Qd6+ Kf7) 49. Kc2 $2 (49. Ba5 $1 {Hoping for Bd8.} Qf7 50. Bd8) 49... Qf7 $2 (49... Bg3 50. Qd6 Qxd6 51. cxd6 Kf7) 50. Qc8 Bg3 $2 (50... Be3 51. Qxc6 Qf2+ 52. Kb3 (52. Kd3 Qf3 $16) 52... Bxd4 53. Qd7+ Kf8 54. Qxe6 Qe3 55. Qxh6+ Ke7) 51. Qxc6 {White is clearly winning.} Qf2+ 52. Kb3 Qe2 53. Qxe6 Qc4+ 54. Kb2 Qb5+ 55. Ka3 {Accuracy: White = 50%, Black = 42%.} 1-0